000 00469nam a2200181Ia 4500
001 17650
005 20260306171533.0
008 260306s9999||||xx |||||||||||||| ||und||
041 _aESP
082 _a658.114
_bK21
100 _aKantis, Hugo (ed.)
_eAUT
245 0 _aDesarrollo emprendedor:
_bamérica latina y la experiencia internacional
260 _c2005
300 _a284 páginas :
_c28 cm.
650 _aGEN
654 _aCAN
942 _cLIB
_dJUS
_fJUS
_2ddc
_n
999 _c17650
_d17650